Spanish Monopoly Board (Barcelona) - Statistics

General Stats
  • This quiz has been taken 107 times
  • The average score is 13 of 36
Answer Stats
Answer % Correct
Apeadero Paseo de Gracia
75%
Paseo de Gracia
75%
Las Ramblas
63%
Calle de Balmes
53%
Plaza de Cataluña
53%
Calle de Aragón
52%
Plaza de Urquinaona
48%
Salida
47%
Calle de Muntaner
45%
Estación de Francia
45%
Paseo de San Juan
44%
Cárcel
42%
Calle de Aribau
41%
Calle de Marina
40%
Calle de Lauria
38%
Calle de la Diputación
37%
Suerte
37%
Vía Layetana
37%
Avenida de Puerta del Ángel
36%
Vía Augusta
36%
Calle de Consejo de Ciento
34%
Calle de Urgel
32%
Estación del Norte
32%
Ronda de San Pedro
32%
Calle de Rosellón
29%
Calle de Pelayo
27%
Caja de Comunidad
26%
Impuesto de Lujo
25%
Calle de Fontanella
23%
Avenida de Infanta Carlota
21%
Compañía Distribución de Aguas
19%
Compañía de Electricidad
16%
Parking Gratuito
16%
Ve a la Cárcel
15%
Impuesto sobre el Capital
10%
Estación Ferrocarriles Catalanes
8%
No matching quizzes found
Score Distribution
Percent of People with Each Score
Percentile by Number Answered
Your Score History
You have not taken this quiz